Detalles MARC
| 000 -LIDER |
| fixed length control field |
00991nam a2200289 a 4500 |
| 001 - NÚMERO DE CONTROL |
| Identificador de número de control |
000035691 |
| 003 - IDENTIFICACDOR DE NÚMERO DE CONTROL |
| control field |
DO-SdBNP |
| 005 - DATE AND TIME OF LATEST TRANSACTION |
| control field |
20220405091148.0 |
| 008 - ELEMENTOS DE LONGITUD FIJA |
| fixed length control field |
111108s2015 sp a 000 0 spa d |
| 020 ## - ISBN |
| International Standard Book Number |
9788427718203 |
| 040 ## - FUENTE DE CATALOGACIÓN |
| Agencia que crea de manera original el registro |
DO-SdBNP |
| Idioma de catalogación |
spa |
| Agencia que realiza la transcripción |
BPMSU |
| 082 ## - NÚMERO DE CLASIFICACIÓN DECIMAL DE DEWEY |
| Classification number |
155.412 |
| Item number |
H471a 2015 |
| Edition number |
22 |
| 100 1# - ASIENTO PRINCIPAL -- NOMBRE PERSONAL |
| Nombre personal |
Heinsen Guerra, Margarita. |
| 245 10 - MENCIÓN DE TITULO |
| Título |
Autoestima y tacto pedagógico en edad temprana : |
| Subtítulo |
orientaciones para educadores y familias / |
| Mención de responsabilidad |
Margarita Heinsen Guerra ; ilustraciones Héctor Fuertes Díaz. |
| 250 ## - MENCIÓN DE EDICION |
| Mención de edición |
2a.ed. |
| 260 ## - PUBLICACIÓN, DISTRIBUCIÓN, ETC. (PIE DE IMPRENTA) |
| Lugar de publicación, distribución, etc |
Madrid : |
| Nombre del editor, distribuidor, etc. |
Narcea de Ediciones |
| Fecha de publicación, distribución, etc |
2015 |
| 300 ## - DESCRIPCIÓN FÍSICA |
| Extensión |
102 p. : |
| Otros detalles físicos |
il., retrs. ; |
| Dimensiones |
21 cm. |
| 504 ## - NOTA DE BIBLIOGRAFÍA, ETC. |
| Bibliography, etc |
Bibliografía : 101-102 |
| 590 ## - NOTA LOCAL |
| Enlace |
Inventariado, 2022/VM |
| 650 #4 - ENCABEZAMIENTO DE MATERIA--TEMÁTICO |
| Término temático o nombre geográfico como elemento de entrada |
Autoestima en niños |
| 650 #4 - ENCABEZAMIENTO DE MATERIA--TEMÁTICO |
| Término temático o nombre geográfico como elemento de entrada |
Educación en la primera infancia. |
| Subdivisión temática general |
|
| 650 #4 - ENCABEZAMIENTO DE MATERIA--TEMÁTICO |
| Término temático o nombre geográfico como elemento de entrada |
Educación |
| Subdivisión temática general |
Aspectos psicológicos |
| 650 #4 - ENCABEZAMIENTO DE MATERIA--TEMÁTICO |
| Término temático o nombre geográfico como elemento de entrada |
Psicología infantil |
| 700 1# - ASIENTO SECUNDARIO -- NOMBRE PERSONAL |
| Nombre personal |
Fuertes Díaz, Héctor, |
| Mención de responsabilidad |
ilustrador |
| 910 ## - VALIDACIÓN |
| Validación |
VMateo V. |
| 942 ## - ADDED ENTRY ELEMENTS (KOHA) |
| Source of classification or shelving scheme |
Dewey Decimal Classification |
| Koha item type |
Libros |